| 000 | 00449nam a22001577a 4500 | ||
|---|---|---|---|
| 005 | 20221117014121.0 | ||
| 008 | 221117b |||||||| |||| 00| 0 eng d | ||
| 020 | _a978-971-27-2370-4 | ||
| 082 | _aFil. 005.5 Ab117 2010 | ||
| 100 |
_aAbante, Marmelo _eauthor |
||
| 245 |
_aBasic office application / _cMarmelo Abante |
||
| 260 |
_aPasig City: _bAnvil Publishing, _cc2010. |
||
| 300 |
_axii, 285p.; _bill. |
||
| 541 | _e3161 | ||
| 650 | _aMicrosoft office | ||
| 999 |
_c217 _d217 |
||